| 000 | 00985nam a22003017a 4500 | ||
|---|---|---|---|
| 001 | 7261 | ||
| 003 | FISKH | ||
| 005 | 20250704141123.0 | ||
| 008 | 250704b cb ||||| |||| 00| 0 eng d | ||
| 020 | _a9780152048396 | ||
| 040 |
_aFISKH _beng _cFISKH _dFISKH |
||
| 050 | _aPZ7.M8544 C | ||
| 082 | _a468.6 | ||
| 100 |
_aMost, Bernard _d(1937-) |
||
| 245 |
_aCatch me if you can! / _cBernard Most |
||
| 250 | _aThis edition first published in 1999 | ||
| 260 |
_aAvenue South : _bGreen Light, _c1999 |
||
| 300 |
_a20 unnumbered pages : _bcolor illustrations ; _c23 cm |
||
| 490 |
_aGreen Light Readers _vLevel 2 |
||
| 505 | _aE | ||
| 520 | _aWhen a little dinosaur plays a game with the biggest dinosaur of them all, she is not scared because he is her grandpa. | ||
| 521 | 8 |
_a280
_bLexile |
|
| 521 | 8 |
_aE
_bRaz-Plus |
|
| 650 |
_2Dinosaurs - Fiction _aEarly reader |
||
| 650 |
_2Bilingual (English/Spanish) _aEasy reader--level |
||
| 942 |
_2ddc _cBK _n0 |
||
| 999 |
_c7261 _d7261 |
||